00602nmm a2200169Ia 4500008004100000020001800041041000800059100003800067245010900105264006000214300001800274490002100292650004300313856005200356942000700408999001700415251105s9999||||xx |||||||||||||||||und|| a9789585000926 aspa aCalderón Patiño,Sol Alejandra 0aLa escritura de la historia prehispánica en Colombia :b La obra de Ernesto Restrepo Tirado, 1892-1944 a[Bogotá, Colombia] :bUniversidad del Rosario, c2023 a376 páginas aCiencias Humanas aHistory of the Americas: Latin America uhttps://public.digitaliapublishing.com/a/127805 cCF c95110d95110